000
00263nam a2200109Ia 4500
008
260210s9999 xx 000 0 und d
020
_a
9787560982878
100
_a
Hustp
245
0
_a
Urban Architectual Decoration (Price Printed)
260
_b
Hustp
942
_c
PG
999
_c
14028
_d
14028